Starting a franchised business in Singapore : includes preparation of a business plan /
Saved in:
| Main Author: | |
|---|---|
| Format: | Thesis Book |
| Language: | English |
| Published: |
1993.
|
| Subjects: | |
| Tags: |
Add Tag
No Tags, Be the first to tag this record!
|
| LEADER | 00902cam a2200253 a 4500 | ||
|---|---|---|---|
| 001 | u321164 | ||
| 003 | SIRSI | ||
| 008 | 930603s1993 si v 00 1 eng m | ||
| 035 | |a ABO-1402 | ||
| 040 | |a UMM | ||
| 043 | |a a-si--- | ||
| 090 | |a HF5429.235 |b S55Lye | ||
| 100 | 1 | 0 | |a Lye, Lawrence Kheng Leng. |
| 245 | 1 | 0 | |a Starting a franchised business in Singapore : |b includes preparation of a business plan / |c by Lawrence Lye Kheng Leng. |
| 260 | |c 1993. | ||
| 300 | |a vi, 78 leaves ; |c 30 cm. | ||
| 502 | |a Dissertation (M.B.A.) -- National University of Singapore, 1993. | ||
| 504 | |a Bibliography: leaves 78. | ||
| 650 | 0 | |a Franchises (Retail trade) |z Singapore. | |
| 650 | 0 | |a Small business |z Singapore |x Planning. | |
| 650 | 0 | |a Popcorn industry |z Singapore. | |
| 948 | |a 03/06/1993 |b 03/09/2002 | ||
| 596 | |a 1 | ||
| 999 | |a F HF5429.235 S55LYE |w LC |c 1 |i A011247822 |d 5/11/2001 |l STACKS |m P01UTAMA |n 16 |r Y |s Y |t TESIS |u 22/7/1993 | ||
